00593nam a22001817a 450000500170000002000290001703700170004608200140006310000290007724500530010625000140015926000450017327000140021830000220023294200280025499900170028295201120029920100913112114.0 a9780198661986c₤ 13.99 bPansy Books  a796.35803 aRundell, Michael 919642 aThe dictionary of circket /cby Michael Rundell  a2nd. ed.  aNew York bOxford University Pressc1995 bNew York  a218p. c24cm(Hb)  2ddccENh796.35803mRUN c45293d45293 0010407-18NFICaAGbAGd2010-09-13g0.00l0o796.35803 RUNr2010-09-13 00:00:00t1v0.00w2010-09-13yEN